<The> Influence of Age and Gender on Customers’ Expectations towards Marketing Communications

Vek a pohlavie ako faktory majúce vplyv na očakávania zákazníkov hotela v rámci marketingovej komunikácie. Objasnenie pojmu životnosť zákazníkov ako hlavný aspekt vplyvu. Zber dát uskutočnený prostredníctvom dotazníkov od európskej hotelovej skupiny.

Salvato in:
Dettagli Bibliografici
Autore principale: Heiden, Sandra
Natura: Capitolo di libro
Lingua:inglese
Soggetti:
Tags: Aggiungi Tag
Nessun Tag, puoi essere il primo ad aggiungerne!!

MARC

LEADER 00000naa a2200000 4500
001 0267104
005 20220719070824.3
041 0 |a eng 
044 |a SK 
245 1 0 |a <The> Influence of Age and Gender on Customers’ Expectations towards Marketing Communications  |c Sandra Heiden 
520 |a Vek a pohlavie ako faktory majúce vplyv na očakávania zákazníkov hotela v rámci marketingovej komunikácie. Objasnenie pojmu životnosť zákazníkov ako hlavný aspekt vplyvu. Zber dát uskutočnený prostredníctvom dotazníkov od európskej hotelovej skupiny. 
610 2 0 |a spotrebitelia 
610 2 0 |a komunikácia marketingová 
610 2 0 |a vek 
610 2 0 |a vzťahy genderové 
610 2 0 |a hotelierstvo 
100 1 |a Heiden, Sandra